000 01374pam a2200337 a 4500
001 2522375
003 OSt
005 20170516020004.0
008 930108s1993 nyua b 001 0 eng c
010 _a 93009161
020 _a0195079221
040 _aDNLM/DLC
_cDLC
_dDLC
050 0 0 _aRC473.M5
_bG73 1993
060 _aWM 145 G7393m 1993
082 0 0 _a155.2/83
_220
100 1 _aGraham, John R.
_d(John Robert),
_q1940-
_931533
245 1 0 _aMMPI-2 :
_bassessing personality and psychopathology /
_cJohn R. Graham.
250 _a2nd ed.
260 _aNew York :
_bOxford University Press,
_c1993.
300 _axviii, 398 p. :
_bill. ;
_c25 cm.
504 _aIncludes bibliographical references (p. 329-350) and indexes.
650 0 _aMinnesota Multiphasic Personality Inventory.
_931534
650 2 _aMMPI
_931535
740 0 _aMMPI-two.
856 4 2 _3Publisher description
_uhttp://www.loc.gov/catdir/enhancements/fy0639/93009161-d.html
856 4 1 _3Table of contents only
_uhttp://www.loc.gov/catdir/enhancements/fy0639/93009161-t.html
856 4 2 _3Contributor biographical information
_uhttp://www.loc.gov/catdir/enhancements/fy0725/93009161-b.html
906 _a7
_bcbc
_corignew
_d1
_eocip
_f19
_gy-gencatlg
942 _2lcc
_cBK
_03
999 _c60259
_d60233